ბათუმის შოთა რუსთაველის სახელმწიფო უნივერსიტეტის ბიბლიოთეკა

მეცხოველეობის მექანიზაცია.5.მანქანები საკვების თბური, ქიმიური და ბიოლოგიური დამუშავებისათვის.საკვების მომზადების კომპლექსური მექანიზაცია. (ბიბ.ჩანაწერი № 35406)

000 -ლიდერი
ფიქსირებული სიგრძის საკონტროლო ველი 01364nam a2200205Ia 4500
001 - საკონტროლო ნომერი
საკონტროლო ველი 1260
003 - საკონტროლო ნომრის იდენტიფიკატორი
საკონტროლო ველი GE_BSU
005 - ბოლო ოპერაციის თარიღი და დრო
საკონტროლო ველი 20251226140812.0
008 - ფიქსირებული სიგრძის მონაცემთა ელემენტები - ზოგადი ინფორმაცია
ფიქსირებული სიგრძის საკონტროლო ველი 181216s1987||||ge |||||||||||||| ||geo||
040 ## - კატალოგიზაციის წყარო
Transcribing agency GE_BSU
041 ## - ენის კოდი
Language code of text/sound track or separate title geo
080 ## - უნივერსალური ათობითი კლასიფიკაციის ინდექსი
Universal Decimal Classification number 636 მ–62
245 ## - ცნობა სათაურის შესახებ
Title მეცხოველეობის მექანიზაცია.5.მანქანები საკვების თბური, ქიმიური და ბიოლოგიური დამუშავებისათვის.საკვების მომზადების კომპლექსური მექანიზაცია.
Remainder of title სოფლის მეურნეობის წარმოების მექანიზაციის სპეციალობის სტუდენტებისათვის.
264 ## - წარმოების, გამოცემის, დისტრიბუციის და სხვა ცნობები
გამოცემის, წარმოების, დისტრიბუციის... ადგილი თბილისი:
გამოცემის, წარმოების, დისტრიბუციის... თარიღი 1987.
300 ## - ფიზიკური აღწერა
Extent 59 გვ.
Other physical details 19 სმ.
653 ## - INDEX TERM--UNCONTROLLED
Uncontrolled term ბიოლოგია
653 ## - INDEX TERM--UNCONTROLLED
Uncontrolled term მანქანები საკვების თბური,ქიმიური და ბიოლოგიური დამუშავებისათვის.საკვების მომზადების კომპლექსური მექანიზაცია.
653 ## - INDEX TERM--UNCONTROLLED
Uncontrolled term მეცხოველეობა.
942 ## - ADDED ENTRY ELEMENTS (KOHA)
Koha item type წიგნი
Source of classification or shelving scheme
ეგზემპლარები
ჩამოწერის სტატუსი დაკარგული ეგზემპლარის სტატუსი კლასიფიკაციის წყარო ან თაროზე გაწყობის სქემა დაზიანების სტატუსი არ გაიცემა მუდმივი მდებარეობა (დაცვის ადგილი) ამჟამინდელი ადგილსამყოფელი თაროზე განთავსების ადგილი შეძენის თარიღი ღირებულება, შესყიდვის ნორმალური ფასი სრული შენახვის შიფრი შტრიხკოდი ბოლო ოპერაციის თარიღი ეგზემპლარის მიმდევრობითი ნომერი (კეტერი?) ფასის ძალაში შესვლის თარიღი ეგზემპლარის სახეობა საჯარო შენიშვნა
          აგრარული და მემბრანული ტექნოლოგიების ინსტიტუტის ბიბლიოთეკა აგრარული და მემბრანული ტექნოლოგიების ინსტიტუტის ბიბლიოთეკა წიგნსაცავი 2018-12-17 3.00 636 მ–62 2842 2018-12-17 2842 2018-12-17 წიგნი 3.00